Normal view
MARC view
Entry Personal Name
001 - CONTROL NUMBER
- control field: 32194
003 - CONTROL NUMBER IDENTIFIER
- control field: ARRUPE
005 - DATE AND TIME OF LATEST TRANSACTION
- control field: 20170605113701.0
008 - FIXED-LENGTH DATA ELEMENTS
- fixed length control field: 170605|| aca||aabn | a|a d
040 ## - CATALOGING SOURCE
- Original cataloging agency: ARRUPE
- Transcribing agency: ARRUPE
100 ## - HEADING--PERSONAL NAME
- Personal name: Asante, FGA S. K. B.
670 ## - SOURCE DATA FOUND
- Source citation: Work cat.: (ARRUPE)3174: Asante, FGA S. K. B., Ghana and the promotion of Pan-Africanism and regionalism, 2007